000 00364nam a2200157Ia 4500
005 20250430013949.0
008 240331s9999 xx 000 0 und d
020 _a9555734194
082 _bPER
_a891
100 _aPerera, V.N
245 0 _aKaluwara wasanthaya
260 _aNugogoda
_bSarasavi Books
_c2006
300 _a164 p .,
650 _aNovel
942 _cL
999 _c5400
_d5400